[Event "POL-chT2 South U19"]
[Site "Rudnik"]
[Date "2000.??.??"]
[Round "1.4"]
[White "Bielecki, Michal"]
[Black "Padewski, Krzysztof"]
[Result "1-0"]
[WhiteElo "1600"]
[BlackElo "1600"]
[PlyCount "45"]
[EventDate "2000.07.20"]
[EventType "team-swiss"]
[EventRounds "10"]
[EventCountry "POL"]
[SourceTitle "EXT 2005"]
[Source "ChessBase"]
[SourceDate "2004.11.15"]
[SourceVersion "1"]
[SourceVersionDate "2004.11.15"]
[SourceQuality "1"]
[WhiteTeam "POL-chT2 South U19 3"]
[BlackTeam "Jasien LKS ZPD U19"]
[WhiteTeamCountry "POL"]
[BlackTeamCountry "POL"]

1. e4 d5 2. exd5 Qxd5 3. Nc3 Qa5 4. Bc4 Nf6 5. Nf3 Bg4 6. d3 c6 7. Bd2 Nbd7 8. Nd5 Qd8 9. Nxf6+ exf6 10. h3 Bh5 11. 0-0 Qc7 12. Re1+ Be7 13. Qe2 Ne5 14. g4 Nxf3+ 15. Qxf3 Bg6 16. Bf4 Qd8 17. Qe3 0-0 18. Qxe7 Qd4 19. Bd6 Rad8 20. Ba3 b5 21. Bb3 a5 22. Qc5 Qf4 23. Qxc6 1-0